| 000 | 00517nam a2200181Ia 4500 | ||
|---|---|---|---|
| 005 | 20250326124037.0 | ||
| 008 | 250326s9999 xx 000 0 und d | ||
| 037 | _aTextbook | ||
| 040 |
_aFMSL _beng _cFMSL |
||
| 041 |
_aeng _2eng |
||
| 084 |
_aX L8;4 _qFMSL |
||
| 100 |
_aArmstrong H _9736665 |
||
| 245 | 0 |
_aRegional economic policy and its analysis _cArmstrong H; Taylor J |
|
| 260 |
_aGreat _bGreat, Britain Philip Allan _c1978 |
||
| 300 | _a335p | ||
| 942 |
_cTB _hX L8;4 |
||
| 999 |
_c1272023 _d1272023 |
||